Malé a stredné podniky a ich vplyv na rast ekonomiky Slovenskej republiky bakalárska práca

Saved in:
Bibliographic Details
Main Author: Brychtová, Nikola
Corporate Author: Fakulta podnikového manažmentu EU. Katedra podnikovohospodárska
Other Authors: Hutera, Milan
Format: Book
Language:Slovak
Published: Bratislava 2012
Tags: Add Tag
No Tags, Be the first to tag this record!

MARC

LEADER 00000nbm a2200000 4500
001 0153804
005 20161109111808.6
041 0 |a slo 
044 |a SK 
245 1 0 |a Malé a stredné podniky a ich vplyv na rast ekonomiky Slovenskej republiky  |b bakalárska práca  |c Nikola Brychtová ; školiteľ: Milan Hutera 
264 1 |a Bratislava  |c 2012 
300 |a 48 s. 
100 1 |a Brychtová, Nikola 
700 1 |a Hutera, Milan 
710 2 |a Fakulta podnikového manažmentu EU. Katedra podnikovohospodárska